<?xml version="1.0" encoding="UTF-8"?>
<collection xmlns="http://www.loc.gov/MARC21/slim">
 <record>
  <leader>02112ngm a22003855a 4500</leader>
  <controlfield tag="001">CEM.cems019835</controlfield>
  <controlfield tag="008">221107s2015####ag#---############vlund#d</controlfield>
  <controlfield tag="005">20221107214210.0</controlfield>
  <datafield tag="245" ind1="1" ind2="0">
   <subfield code="a">Atlántico Sur</subfield>
   <subfield code="h">[videograbación] /</subfield>
   <subfield code="c">Antonio Molina Montecinos.</subfield>
  </datafield>
  <datafield tag="260" ind1=" " ind2=" ">
   <subfield code="a">Buenos Aires,</subfield>
   <subfield code="c">2015.</subfield>
  </datafield>
  <datafield tag="300" ind1=" " ind2=" ">
   <subfield code="a">42'.</subfield>
  </datafield>
  <datafield tag="490" ind1="1" ind2=" ">
   <subfield code="a">Disco 1</subfield>
  </datafield>
  <datafield tag="538" ind1=" " ind2=" ">
   <subfield code="a">Soporte: DVD -- Formato: AVI -- Peso: 2.56gb -- Resolución: 720 x 576 -- 25fps</subfield>
  </datafield>
  <datafield tag="505" ind1="0" ind2=" ">
   <subfield code="a">01.Isla de los Estados -- 02. Ballena franca austral -- 03. Parque marino costero -- 04. Canal Beagle -- 05. Golfo San Jorge -- Duración aproximada por capítulo 42 minutos. Duración total aproximada: 3 horas 20 minutos</subfield>
  </datafield>
  <datafield tag="520" ind1=" " ind2=" ">
   <subfield code="a">Durante milenios, los humanos arriesgaron su vida para llegar una y otra vez a uno de los lugares más enigmáticos del extremo sur del Atlántico: a poco menos de 40 km de la isla Grande de Tierra del Fuego, la Isla de los Estados continúa siendo una zona de difícil acceso. Acompañados por la narración de Cecilia Roth e imágenes de última generación tecnológica, nos adentramos en este territorio de riqueza incalculable, de múltiples caras, lleno de historias y secretos, que atrajo durante siglos a navegantes y exploradores.</subfield>
  </datafield>
  <datafield tag="590" ind1=" " ind2=" ">
   <subfield code="a">Identificación anterior: D 228 A - Error de reproducción del Capítulo 01.Isla de los Estados</subfield>
  </datafield>
  <datafield tag="100" ind1="1" ind2=" ">
   <subfield code="a">Molina Montecinos; Antonio.</subfield>
  </datafield>
  <datafield tag="700" ind1="1" ind2=" ">
   <subfield code="a">Moreno, Ariadna; Producción ejecutiva.</subfield>
  </datafield>
  <datafield tag="700" ind1="1" ind2=" ">
   <subfield code="a">Molina, Antonio; Prodcción Ejecutiva.</subfield>
  </datafield>
  <datafield tag="700" ind1="1" ind2=" ">
   <subfield code="a">Roth, Cecilia; Narración.</subfield>
  </datafield>
  <datafield tag="710" ind1="2" ind2=" ">
   <subfield code="a">Canal Encuentro.</subfield>
  </datafield>
  <datafield tag="710" ind1="2" ind2=" ">
   <subfield code="a">RTA Radio y televisión argentina.</subfield>
  </datafield>
  <datafield tag="710" ind1="2" ind2=" ">
   <subfield code="a">Antártica Films.</subfield>
  </datafield>
  <datafield tag="653" ind1=" " ind2=" ">
   <subfield code="a">GEOGRAFÍA</subfield>
  </datafield>
  <datafield tag="653" ind1=" " ind2=" ">
   <subfield code="a">GEOGRAFÍA ARGENTINA</subfield>
  </datafield>
  <datafield tag="653" ind1=" " ind2=" ">
   <subfield code="a">ISLA DE LOS ESTADOS</subfield>
  </datafield>
  <datafield tag="653" ind1=" " ind2=" ">
   <subfield code="a">BALLENA FRANCA AUSTRAL</subfield>
  </datafield>
  <datafield tag="653" ind1=" " ind2=" ">
   <subfield code="a">PARQUE MARINO COSTERO</subfield>
  </datafield>
  <datafield tag="653" ind1=" " ind2=" ">
   <subfield code="a">CANAL BEAGLE</subfield>
  </datafield>
  <datafield tag="653" ind1=" " ind2=" ">
   <subfield code="a">GOLFO SAN JORGE</subfield>
  </datafield>
  <datafield tag="653" ind1=" " ind2=" ">
   <subfield code="a">SUELO SUBACUÁTICO</subfield>
  </datafield>
  <datafield tag="653" ind1=" " ind2=" ">
   <subfield code="a">ECOSISTEMAS SUBMARINOS</subfield>
  </datafield>
  <datafield tag="653" ind1=" " ind2=" ">
   <subfield code="a">CECILIA ROTH</subfield>
  </datafield>
  <datafield tag="856" ind1=" " ind2=" ">
   <subfield code="u">https://encuentro.gob.ar/programas/serie/8741/</subfield>
  </datafield>
  <datafield tag="859" ind1=" " ind2=" ">
   <subfield code="a">CEMS</subfield>
   <subfield code="b">BIB. CEMS - Depto. Recursos Didacticos</subfield>
   <subfield code="h">918.2</subfield>
   <subfield code="i">MOL</subfield>
   <subfield code="k">DRD</subfield>
   <subfield code="p">2924.22</subfield>
   <subfield code="t">Ej.1</subfield>
  </datafield>
 </record>
</collection>
